| 000 | 00948nas a2200313 4500 | ||
|---|---|---|---|
| 001 | BR2013003243 | ||
| 003 | BR-BrBNA | ||
| 005 | 20231205122235.0 | ||
| 007 | ta | ||
| 008 | 230509b bl.|||p| |||| 00| 00por d | ||
| 040 |
_aBR-BrBNA _bpor _cBiblioteca Nacional de Agricultura |
||
| 041 | _a(Pt) | ||
| 072 | _aF60 | ||
| 100 | 1 | _aRosset, M. | |
| 100 | 1 | _aZamarion, V. de M. | |
| 100 | 1 | _aFaccione, M. | |
| 100 | 1 | _aFaria, T. de J. | |
| 100 | 1 | _aPinto,J.P. | |
| 100 | 1 | _aBarbosa, A. de M. | |
| 100 | 1 | _aSouza, J.R. P. de | |
| 245 | 1 | _aEstudo químico da fração diclorometânica do extrato de Ocimum gratissimum L. | |
| 650 | _aOCIMUM GRATISSIMUM | ||
| 650 | _aALFAVACA | ||
| 650 | _aEXTRAÇÃO | ||
| 650 | _aPROPRIEDADE FÍSICO-QUÍMICA | ||
| 773 | 0 |
_tSemina. Ciências Agrárias (Brazil) _xISSN 1676-546X _g(Oct-Dec 2005), v. 26(4) p. 515-520 _wBR2013003243 |
|
| 909 |
_a202311 _bLúcia _c55 _dLúcia Elande |
||
| 942 |
_2AGRIS _n0 _cANA |
||
| 999 |
_c227635 _d227635 |
||